[Event "4NCL/Div2/IKHH2-SL2"]
[Site "Rd4-Birmingham"]
[Date "1999.11.21"]
[Round "4.6"]
[White "Hunt, Malcolm"]
[Black "Gurr, Lyndon"]
[Result "0-1"]
[WhiteElo "1984"]
[BlackElo "2048"]
[PlyCount "56"]
[EventDate "1999.11.21"]
[Source "Britbase"]
[SourceDate "2000.01.01"]

1. d4 Nf6 2. c4 e6 3. Nc3 c5 4. d5 exd5 5. cxd5 d6 6. Nf3 g6 7. g3 Bg7 8. Bg2
O-O 9. O-O Na6 10. Nd2 Nc7 11. a4 b6 12. Nc4 Ba6 13. Na3 Qd7 14. Re1 Rfe8 15.
h3 Re7 16. Kh2 Rae8 17. e3 h5 18. e4 Bb7 19. Bg5 a6 20. Qb3 Ncxd5 21. Nxd5 Bxd5
22. Qxb6 Bxe4 23. Bxe4 Rxe4 24. Rxe4 Nxe4 25. Be3 Nxf2 26. Bxf2 Re2 27. Rf1 Bd4
28. Kg2 Qf5 0-1

[Event "4NCL/Div2/IKHH2-SL2"]
[Site "Rd4-Birmingham"]
[Date "1999.11.21"]
[Round "4.7"]
[White "Mills, Natalie"]
[Black "Mashayekh, Majid"]
[Result "0-1"]
[WhiteElo "2010"]
[BlackElo "2006"]
[PlyCount "90"]
[EventDate "1999.11.21"]
[Source "Britbase"]
[SourceDate "2000.01.01"]

1. d4 Nf6 2. Bg5 Ne4 3. Bf4 c5 4. f3 Qa5+ 5. c3 Nf6 6. d5 d6 7. e4 Nbd7 8. a4
g6 9. Nd2 Bg7 10. Nc4 Qc7 11. Qd2 Nb6 12. a5 Nxc4 13. Bxc4 O-O 14. Bh6 Re8 15.
Bxg7 Kxg7 16. Ne2 Bd7 17. O-O b5 18. Bd3 Rab8 19. Ng3 c4 20. Be2 Qc5+ 21. Qd4
Rec8 22. f4 b4 23. Qxc5 Rxc5 24. Rfc1 bxc3 25. bxc3 h5 26. h4 Rbb5 27. Ra4 Rxa5
28. Rxa5 Rxa5 29. Bxc4 Ra4 30. Bb3 Ra3 31. Bc4 a5 32. Kf2 Ra4 33. Bd3 e6 34.
dxe6 fxe6 35. Ke3 Ng4+ 36. Kf3 Bc6 37. Ke2 d5 38. e5 Rxf4 39. Nh1 Nxe5 40. g3
Nxd3 41. Kxd3 Bb5+ 42. Kd2 Rf3 43. Ra1 a4 44. Rb1 Bf1 45. Ke1 Bc4 0-1

[Event "4NCL/Div2/IKHH2-SL2"]
[Site "Rd4-Birmingham"]
[Date "1999.11.21"]
[Round "4.8"]
[White "Houska, Ivana"]
[Black "Ghasi, Sumeet"]
[Result "1/2-1/2"]
[WhiteElo "1560"]
[BlackElo "1640"]
[PlyCount "52"]
[EventDate "1999.11.21"]
[Source "Britbase"]
[SourceDate "2000.01.01"]

1. d4 Nf6 2. e3 g6 3. f4 Bg7 4. Nf3 b6 5. Bd3 Bb7 6. O-O e6 7. Nbd2 d5 8. Ne5
O-O 9. Ndf3 Nbd7 10. Qe1 Ne8 11. Nxd7 Qxd7 12. Qh4 f5 13. Bd2 c5 14. c3 Nf6 15.
Ng5 Rab8 16. Rac1 c4 17. Bc2 b5 18. a3 Bc8 19. Nf3 Ne8 20. g4 Nd6 21. gxf5 exf5
22. Rf2 Ne4 23. Bxe4 fxe4 24. Ne5 Bxe5 25. fxe5 Qg4+ 26. Qxg4 Bxg4 1/2-1/2

[Event "4NCL/Div2/KH-WES"]
[Site "Rd4-Birmingham"]
[Date "1999.11.21"]
[Round "4.1"]
[White "Jossien, Arnaud"]
[Black "Rossiter, Philip"]
[Result "0-1"]
[WhiteElo "2314"]
[BlackElo "2369"]
[PlyCount "108"]
[EventDate "1999.11.21"]
[Source "Britbase"]
[SourceDate "2000.01.01"]

1. e4 c5 2. Nf3 e6 3. d3 Nc6 4. g3 d6 5. Bg2 g6 6. c3 Bg7 7. Be3 Nf6 8. h3 O-O
9. O-O b6 10. Nbd2 Ba6 11. c4 Nd7 12. Rb1 Bb7 13. Nh4 Nb4 14. Qb3 a5 15. a3 Nc6
16. f4 f5 17. exf5 exf5 18. Ndf3 Qf6 19. Rf2 Rfe8 20. Re1 Re7 21. Qc2 Rae8 22.
Rfe2 Qxb2 23. Qxb2 Bxb2 24. Rxb2 Rxe3 25. Kf2 Rxe1 26. Nxe1 Nd8 27. Nc2 Bxg2
28. Nxg2 Ne6 29. Nge3 Nc7 30. Nd5 Nxd5 31. cxd5 Rb8 32. a4 c4 33. d4 Nf6 34.
Ne3 c3 35. Rc2 Rc8 36. Ke2 Nh5 37. Kd3 Nxg3 38. Nc4 Nh5 39. Nxb6 Nxf4+ 40. Ke3
Rb8 41. Kxf4 Rxb6 42. Rxc3 Kg7 43. Rc7+ Kf6 44. Rc6 g5+ 45. Kf3 Rb3+ 46. Kg2
Rb4 47. Rxd6+ Kg7 48. Rd7+ Kg6 49. Rd6+ Kh5 50. Ra6 Rxa4 51. d6 Rxd4 52. Rxa5
f4 53. Ra7 h6 54. d7 Kh4 0-1

[Event "4NCL/Div2/KH-WES"]
[Site "Rd4-Birmingham"]
[Date "1999.11.21"]
[Round "4.2"]
[White "Corkett, Anthony"]
[Black "Thomas, Richard"]
[Result "1-0"]
[WhiteElo "2295"]
[BlackElo "2265"]
[PlyCount "67"]
[EventDate "1999.11.21"]
[Source "Britbase"]
[SourceDate "2000.01.01"]

1. e4 Nc6 2. Nf3 d6 3. d4 Nf6 4. Nc3 Bg4 5. Bb5 a6 6. Bxc6+ bxc6 7. h3 Bd7 8.
Bg5 h6 9. Bh4 g5 10. Bg3 Bg7 11. Qe2 Nh5 12. Bh2 Nf4 13. Bxf4 gxf4 14. e5 O-O
15. Qe4 Qb8 16. Rb1 Qa7 17. O-O c5 18. d5 Rab8 19. a3 Rb6 20. Qxf4 Rfb8 21.
Rfe1 Re8 22. e6 fxe6 23. dxe6 Bc6 24. Nd5 Bxd5 25. Qf7+ Kh7 26. Qxe8 Rb8 27.
Qxe7 Rf8 28. Qd7 Qa8 29. e7 Re8 30. Nh4 Bc6 31. Qe6 Bd5 32. Qg6+ Kh8 33. Nf5
Bd4 34. Rbd1 1-0

[Event "4NCL/Div2/KH-WES"]
[Site "Rd4-Birmingham"]
[Date "1999.11.21"]
[Round "4.3"]
[White "McMichael, Rick"]
[Black "Simons, Martin"]
[Result "1/2-1/2"]
[WhiteElo "2261"]
[BlackElo "2264"]
[PlyCount "95"]
[EventDate "1999.11.21"]
[Source "Britbase"]
[SourceDate "2000.01.01"]

1. b3 Nf6 2. Bb2 d6 3. e3 g6 4. c4 Bg7 5. Nf3 O-O 6. Be2 e5 7. d4 Nbd7 8. Nc3
Re8 9. h3 a5 10. dxe5 dxe5 11. Qc2 c6 12. Nd2 Nc5 13. g4 h6 14. Rg1 Qb6 15. Rb1
Be6 16. Ba1 Rad8 17. h4 Bc8 18. h5 g5 19. Na4 Qa7 20. Nxc5 Qxc5 21. Bc3 Re6 22.
Ne4 Nxe4 23. Qxe4 Qa3 24. Bd3 Rxd3 25. Qxd3 Qxa2 26. Rb2 Qa1+ 27. Qb1 Qxb1+ 28.
Rxb1 b6 29. e4 Bf8 30. Ke2 Bc5 31. Rgd1 Rd6 32. Rxd6 Bxd6 33. f3 Kf8 34. Bd2 f6
35. Be3 c5 36. Kd3 Ke7 37. b4 axb4 38. Ra1 Kd7 39. Kc2 Kc6 40. Ra7 Bb7 41. Bc1
Bb8 42. Ra1 Bc8 43. Be3 Be6 44. Kd3 Bf7 45. Ra6 Kb7 46. Ra1 Bd6 47. Ra4 Be8 48.
Ra1 1/2-1/2

[Event "4NCL/Div2/KH-WES"]
[Site "Rd4-Birmingham"]
[Date "1999.11.21"]
[Round "4.4"]
[White "Upton, Ian"]
[Black "Okike, David"]
[Result "1-0"]
[WhiteElo "2238"]
[BlackElo "2170"]
[PlyCount "161"]
[EventDate "1999.11.21"]
[Source "Britbase"]
[SourceDate "2000.01.01"]

1. d4 Nf6 2. c4 e6 3. Nc3 Bb4 4. e3 b6 5. Nge2 Bb7 6. a3 Be7 7. Nf4 O-O 8. Bd3
d6 9. O-O Nbd7 10. b3 Re8 11. Bb2 Bf8 12. Bc2 a6 13. d5 e5 14. Nfe2 g6 15. Ng3
Bg7 16. f4 Qe7 17. f5 a5 18. Rb1 Nf8 19. Qf3 Bc8 20. e4 h6 21. Nd1 N8h7 22. Ne3
h5 23. Bc1 Bd7 24. Qe2 Qf8 25. Nh1 Bh6 26. Nf2 Qg7 27. Kh1 Kh8 28. fxg6 fxg6
29. Ned1 Rf8 30. Kg1 Rf7 31. Bxh6 Qxh6 32. Qe3 Qg7 33. Nc3 Raf8 34. b4 axb4 35.
axb4 Ra8 36. Ra1 Rxa1 37. Rxa1 Qf8 38. Bd3 Kg7 39. Be2 Ng8 40. Nd3 Nh6 41. h3
Ng8 42. c5 bxc5 43. bxc5 Re7 44. c6 Be8 45. Ra8 Nhf6 46. Ne1 Nh7 47. Nd3 Qf6
48. Nb5 Qg5 49. Qxg5 Nxg5 50. Nf2 Nf6 51. Bd3 Bf7 52. Rc8 Ne8 53. Kf1 Nh7 54.
Ke2 Nhf6 55. Bc4 Kh6 56. h4 g5 57. g3 Bg6 58. Bd3 Bf7 59. Nh3 Nh7 60. Ke3 Kg6
61. Bf1 g4 62. Nf2 Nhf6 63. Bg2 Kg7 64. Nd3 Bg6 65. Nb4 Kf7 66. Na6 Bxe4 67.
Bxe4 Nxe4 68. Kxe4 Nf6+ 69. Kd3 Nxd5 70. Naxc7 e4+ 71. Ke2 Nb6 72. Rd8 Re5 73.
Rxd6 Ke7 74. Rd4 e3 75. Nc3 Rc5 76. N7d5+ Nxd5 77. Nxd5+ Ke6 78. c7 Ke5 79.
Kxe3 Rc1 80. Rd1 Rc5 81. Rd3 1-0

[Event "4NCL/Div2/KH-WES"]
[Site "Rd4-Birmingham"]
[Date "1999.11.21"]
[Round "4.5"]
[White "O'Shaughnessy, Conor"]
[Black "Yeo, Michael"]
[Result "1/2-1/2"]
[WhiteElo "2195"]
[BlackElo "2201"]
[PlyCount "62"]
[EventDate "1999.11.21"]
[Source "Britbase"]
[SourceDate "2000.01.01"]

1. e4 e5 2. Nf3 Nc6 3. Bb5 a6 4. Bxc6 dxc6 5. O-O f6 6. d4 exd4 7. Nxd4 c5 8.
Nb3 Qxd1 9. Rxd1 Bg4 10. f3 Be6 11. Be3 b6 12. Nc3 Bd6 13. a4 O-O-O 14. a5 Bxb3
15. cxb3 Kb7 16. axb6 cxb6 17. Bf4 Be7 18. Rxd8 Bxd8 19. Rd1 Kc8 20. Rd6 Ne7
21. Na4 b5 22. Nb6+ Bxb6 23. Rxb6 Rd8 24. Bd6 Ng6 25. Rb8+ Kd7 26. Rxd8+ Kxd8
27. Bxc5 Nf4 28. g3 Nd3 29. Bd4 Nc1 30. Kf2 Nxb3 31. Be3 Kd7 1/2-1/2

[Event "4NCL/Div2/KH-WES"]
[Site "Rd4-Birmingham"]
[Date "1999.11.21"]
[Round "4.6"]
[White "Pleasants, Allan"]
[Black "Mackenzie, Colin"]
[Result "0-1"]
[WhiteElo "2072"]
[BlackElo "2138"]
[PlyCount "66"]
[EventDate "1999.11.21"]
[Source "Britbase"]
[SourceDate "2000.01.01"]

1. e4 e6 2. Nf3 d5 3. exd5 exd5 4. d4 Bd6 5. Bg5 Ne7 6. c4 c6 7. Nc3 O-O 8. c5
Bc7 9. Bd3 Re8 10. O-O f6 11. Bh4 Bf5 12. Re1 Bxd3 13. Qxd3 Nd7 14. Bg3 Bxg3
15. hxg3 Nf8 16. Nd1 Qd7 17. Ne3 Ne6 18. Nh4 Ng5 19. f3 Rad8 20. Kf2 Nc8 21.
Nhf5 g6 22. Ng4 Kf7 23. Ngh6+ Kf8 24. Nh4 Kg7 25. Rh1 Re6 26. Ng4 Rde8 27. Rae1
Rxe1 28. Rxe1 Rxe1 29. Kxe1 Qe6+ 30. Qe2 Ne7 31. Nf2 Qxe2+ 32. Kxe2 Ne6 33. Kd3
g5 0-1

[Event "4NCL/Div2/KH-WES"]
[Site "Rd4-Birmingham"]
[Date "1999.11.21"]
[Round "4.7"]
[White "Compton, Alistair"]
[Black "Pye, David"]
[Result "0-1"]
[WhiteElo "2093"]
[BlackElo "2072"]
[PlyCount "226"]
[EventDate "1999.11.21"]
[Source "Britbase"]
[SourceDate "2000.01.01"]

1. e4 Nc6 2. Nf3 d6 3. d4 Nf6 4. Nc3 a6 5. Bf4 Bg4 6. Be2 Bxf3 7. Bxf3 e5 8.
Be3 g6 9. Nd5 Bg7 10. c3 Nxd5 11. exd5 Ne7 12. dxe5 Bxe5 13. Bd4 Nf5 14. Bxe5
dxe5 15. g3 Qf6 16. O-O O-O 17. Bg2 Rfe8 18. Qb3 Qb6 19. Qxb6 cxb6 20. Rfd1 Nd6
21. Rac1 e4 22. Rd4 b5 23. b3 Rac8 24. c4 Rc5 25. Bf1 bxc4 26. bxc4 b5 27. Rb1
bxc4 28. Rb6 c3 29. Rd1 c2 30. Rc1 Rxd5 31. Rxc2 Rd1 32. Rxa6 e3 33. fxe3 Nf5
34. Rf2 Rxe3 35. Kg2 Re5 36. Ra8+ Kg7 37. Kh3 g5 38. g4 Nh4 39. Ra3 Rde1 40.
Rg3 Ng6 41. Rgf3 Nf4+ 42. Kg3 Ra5 43. Rb3 Ra1 44. h4 h6 45. hxg5 hxg5 46. Bc4
R5xa2 47. Rxa2 Rxa2 48. Rb7 Ra3+ 49. Rb3 Ra7 50. Rb5 f6 51. Rb8 Rc7 52. Rb4 Re7
53. Kf3 Ng6 54. Bd5 Nh4+ 55. Kf2 Ng6 56. Rb7 Kf8 57. Rxe7 Kxe7 58. Be4 Ne5 59.
Kg3 Kd6 60. Bb7 Nc4 61. Bc8 Ke5 62. Bb7 Kd4 63. Bc8 Ke3 64. Bd7 Nd6 65. Bc6
Ne4+ 66. Kg2 Kf4 67. Bd7 Nd2 68. Be6 Nf3 69. Bc8 Ne5 70. Kh3 Kf3 71. Bb7+ Ke3
72. Kg3 Nc4 73. Bc8 Nd2 74. Ba6 Ne4+ 75. Kg2 Nc5 76. Bc8 Kf4 77. Bf5 Ne4 78.
Bc8 Nd6 79. Bd7 Nf7 80. Bc8 Ne5 81. Kh3 Kf3 82. Bb7+ Kf2 83. Bc8 Nc4 84. Bd7
Ne3 85. Bc6 Nc4 86. Bd7 Ne5 87. Bc8 Nf7 88. Bd7 Nh6 89. Bc6 Ng8 90. Bd7 Kf3 91.
Bc6+ Kf4 92. Bd7 Ne7 93. Be6 Kf3 94. Bd7 Ng6 95. Bc8 Ne5 96. Be6 Nd3 97. Bd5+
Kf4 98. Be6 Nf2+ 99. Kg2 Nxg4 100. Bc8 f5 101. Bb7 Nf6 102. Bc6 Ke3 103. Bb7 f4
104. Bc6 g4 105. Bb5 Ne4 106. Ba6 f3+ 107. Kg1 g3 108. Bb5 Ng5 109. Bd7 Ne4
110. Bb5 Kf4 111. Ba6 Nc3 112. Kf1 Ke3 113. Bc4 Ne2 0-1

[Event "4NCL/Div2/KH-WES"]
[Site "Rd4-Birmingham"]
[Date "1999.11.21"]
[Round "4.8"]
[White "Howard, Emily"]
[Black "Kelly, Alexandra"]
[Result "1-0"]
[WhiteElo "2037"]
[BlackElo "1576"]
[PlyCount "103"]
[EventDate "1999.11.21"]
[Source "Britbase"]
[SourceDate "2000.01.01"]

1. e4 c5 2. Nf3 Nc6 3. Bb5 g6 4. O-O Bg7 5. c3 a6 6. Ba4 b5 7. Bb3 c4 8. Bc2
Qc7 9. d4 d6 10. Bg5 f6 11. Be3 e6 12. Nh4 Nge7 13. f4 f5 14. d5 Bf6 15. Nf3
fxe4 16. Bxe4 exd5 17. Bxd5 Bg4 18. h3 Nxd5 19. Qxd5 Bf5 20. Nd4 Bd7 21. Rd1
O-O-O 22. Ne6 Bxe6 23. Qxe6+ Qd7 24. Qxf6 Rhf8 25. Qg5 Rf5 26. Qg4 Qe6 27. Qf3
Kc7 28. Re1 Kd7 29. Nd2 Re8 30. Bf2 Qf7 31. Rxe8 Qxe8 32. Re1 Qf7 33. Be3 d5
34. Qf2 Ne5 35. Qh4 Nd3 36. Rf1 h5 37. Nf3 Qe6 38. Ne5+ Nxe5 39. fxe5 Qxe5 40.
Bd4 Rxf1+ 41. Kxf1 Qf5+ 42. Kg1 Qb1+ 43. Kh2 Qxb2 44. Qg5 Qxa2 45. Qxd5+ Ke7
46. Qe5+ Kd7 47. Qg7+ Kd8 48. Bb6+ Ke8 49. Qxg6+ Kd7 50. Qf5+ Kc6 51. Qe6+ Kb7
52. Qd6 1-0

[Event "4NCL/Div2/PP- BR2"]
[Site "Rd4-Birmingham"]
[Date "1999.11.21"]
[Round "4.1"]
[White "Swanson, Stephen"]
[Black "McFarland, Robert"]
[Result "1/2-1/2"]
[WhiteElo "2283"]
[BlackElo "2267"]
[PlyCount "104"]
[EventDate "1999.11.21"]
[Source "Britbase"]
[SourceDate "2000.01.01"]

1. e4 g6 2. d4 Bg7 3. Nc3 d6 4. Be3 a6 5. g3 b5 6. Bg2 Bb7 7. a3 Nd7 8. Nge2
Ngf6 9. O-O Qc8 10. h3 O-O 11. f4 Rd8 12. Qe1 c5 13. d5 e6 14. dxe6 fxe6 15. b4
cxb4 16. axb4 Qc4 17. Rd1 Nxe4 18. Nxe4 Bxe4 19. Bxe4 Qxe4 20. Bd4 e5 21. fxe5
dxe5 22. Bc3 Nf6 23. Qf2 Rxd1 24. Rxd1 Qxc2 25. Rc1 Qe4 26. Re1 Qd5 27. Qb6 Ne4
28. Qe3 Rc8 29. Ba1 Nd2 30. Nc3 Qd4 31. Kg2 Qxe3 32. Rxe3 Nb3 33. Bb2 Nd4 34.
g4 Rc4 35. Kg3 Rxb4 36. Bc1 Rc4 37. Bd2 h6 38. Nd5 Rc5 39. Nb4 a5 40. Nd3 Rc2
41. Bxa5 Ra2 42. Bb6 Ra3 43. Bxd4 exd4 44. Rf3 Bf8 45. Kf4 b4 46. Ke4 Rc3 47.
Rf6 g5 48. Rb6 Rb3 49. Rb8 Kg7 50. Rb7+ Kg8 51. Rb8 Kg7 52. Rb7+ Kg8 1/2-1/2

[Event "4NCL/Div2/PP- BR2"]
[Site "Rd4-Birmingham"]
[Date "1999.11.21"]
[Round "4.2"]
[White "Mordue, Tyson"]
[Black "Hammond, Andrew"]
[Result "1-0"]
[WhiteElo "2265"]
[BlackElo "2212"]
[PlyCount "81"]
[EventDate "1999.11.21"]
[Source "Britbase"]
[SourceDate "2000.01.01"]

1. e4 c5 2. Nf3 e6 3. d4 cxd4 4. Nxd4 Nc6 5. Nc3 a6 6. Be2 Nge7 7. Be3 Nxd4 8.
Qxd4 b5 9. f4 Nc6 10. Qd2 d6 11. a3 Be7 12. O-O O-O 13. Rad1 Qc7 14. Qe1 Rb8
15. Qg3 Kh8 16. Bd3 b4 17. Ne2 Bf6 18. c3 bxa3 19. bxa3 Na5 20. e5 dxe5 21. Qh3
e4 22. Bxe4 g6 23. Qh6 Bg7 24. Bd4 f6 25. Qh4 f5 26. Bxg7+ Kxg7 27. Bd3 Rb2 28.
Qf2 Bb7 29. Rb1 Rd2 30. Qe3 Ra2 31. Ra1 Rxa1 32. Rxa1 Bd5 33. Bxa6 Ra8 34. Rb1
h6 35. Bd3 Rc8 36. a4 Nb7 37. c4 Be4 38. Bxe4 fxe4 39. Qxe4 Nc5 40. Qe3 Qa7 41.
Rb5 1-0

[Event "4NCL/Div2/PP- BR2"]
[Site "Rd4-Birmingham"]
[Date "1999.11.21"]
[Round "4.3"]
[White "Rosen, Daniel"]
[Black "Jakubovics, Nick"]
[Result "0-1"]
[WhiteElo "2239"]
[BlackElo "2238"]
[PlyCount "72"]
[EventDate "1999.11.21"]
[Source "Britbase"]
[SourceDate "2000.01.01"]

1. e4 e5 2. Nf3 Nc6 3. Bb5 a6 4. Ba4 Nf6 5. O-O Nxe4 6. d4 b5 7. Bb3 d5 8. dxe5
Be6 9. c3 Bc5 10. Nbd2 O-O 11. Bc2 Bf5 12. Nb3 Bb6 13. Nfd4 Bxd4 14. cxd4 a5
15. Be3 a4 16. Nc1 a3 17. bxa3 Rxa3 18. Nb3 Nb4 19. Bxe4 Bxe4 20. Nc5 Bg6 21.
Qc1 Nc2 22. Bg5 Qc8 23. Qb2 b4 24. Rac1 Qf5 25. Bd2 Rfa8 26. Bxb4 Rxa2 27. Qc3
h5 28. Nb3 R8a4 29. Bc5 h4 30. Nd2 h3 31. g3 Qd3 32. Nb1 Qe2 33. Qb3 Be4 34.
Qb8+ Kh7 35. Qc8 Qf3 36. Qxh3+ Kg6 0-1

[Event "4NCL/Div2/PP- BR2"]
[Site "Rd4-Birmingham"]
[Date "1999.11.21"]
[Round "4.4"]
[White "Easton, Alex"]
[Black "Ledger, Stephen"]
[Result "1/2-1/2"]
[WhiteElo "2165"]
[BlackElo "2162"]
[PlyCount "123"]
[EventDate "1999.11.21"]
[Source "Britbase"]
[SourceDate "2000.01.01"]

1. Nf3 d5 2. c4 d4 3. g3 c5 4. b4 cxb4 5. a3 b3 6. Bg2 Nc6 7. Qxb3 e5 8. O-O
Bc5 9. e3 Nge7 10. Bb2 O-O 11. Re1 Nf5 12. Qb5 Qb6 13. exd4 Ncxd4 14. Nxd4 Nxd4
15. Bxd4 Bxd4 16. Qxb6 axb6 17. Nc3 Ra5 18. Bd5 Be6 19. Rab1 Bxd5 20. cxd5 f6
21. Nb5 Bc5 22. Rb3 Rd8 23. Reb1 Rxd5 24. d3 Rd7 25. Kf1 Ra8 26. Ke2 Rad8 27.
f3 f5 28. R1b2 g5 29. h3 Kg7 30. Rc2 Kf6 31. Rc4 Kg6 32. g4 fxg4 33. hxg4 Rh8
34. Re4 Kf6 35. Nc3 h5 36. gxh5 Rxh5 37. Na4 Rh2+ 38. Ke1 Rh1+ 39. Kd2 Rh2+ 40.
Ke1 Bd4 41. Nxb6 Rdh7 42. Nd5+ Ke6 43. Nb4 R7h3 44. Re2 Rh1+ 45. Kd2 Rxf3 46.
Nc2 Rh5 47. Rxb7 Rh4 48. Rb5 Kf6 49. Nxd4 Rxd4 50. Re3 Rxe3 51. Kxe3 Ra4 52.
Rb3 Kf5 53. Kf3 g4+ 54. Kg3 Rd4 55. Rc3 Ke6 56. Rb3 Kd5 57. Rb5+ Kd6 58. Rb3
Kc5 59. Rc3+ Kb5 60. Kg2 Rf4 61. Kg3 Rd4 62. Kg2 1/2-1/2

[Event "4NCL/Div2/PP- BR2"]
[Site "Rd4-Birmingham"]
[Date "1999.11.21"]
[Round "4.5"]
[White "Moore, Gerald"]
[Black "Rudd, Jack"]
[Result "1-0"]
[WhiteElo "2202"]
[BlackElo "2185"]
[PlyCount "93"]
[EventDate "1999.11.21"]
[Source "Britbase"]
[SourceDate "2000.01.01"]

1. Nf3 Nf6 2. c4 g6 3. Nc3 Bg7 4. e4 d6 5. d4 O-O 6. Be2 e5 7. O-O Nc6 8. d5
Ne7 9. Bd2 Nh5 10. g3 Bh3 11. Re1 h6 12. Nh4 g5 13. Bxh5 gxh4 14. Bg4 Bxg4 15.
Qxg4 Ng6 16. Nd1 Qc8 17. Qxc8 Raxc8 18. Ne3 hxg3 19. fxg3 Ne7 20. Rf1 c6 21.
Bb4 Rfd8 22. Rf3 cxd5 23. cxd5 b6 24. b3 a5 25. Ba3 b5 26. Raf1 f6 27. Rc1 b4
28. Bb2 Rxc1+ 29. Bxc1 Rc8 30. Bd2 Rc5 31. g4 h5 32. gxh5 Kf7 33. Nc4 Nc8 34.
Bg5 Bh8 35. Be3 Rb5 36. Kf1 Rb8 37. Rf2 Ra8 38. Rc2 f5 39. exf5 a4 40. bxa4
Rxa4 41. Bg5 e4 42. f6 Ra7 43. Ne3 Nb6 44. Rc6 Nd7 45. Nc4 Bxf6 46. Nxd6+ Ke7
47. Nc8+ 1-0

[Event "4NCL/Div2/PP- BR2"]
[Site "Rd4-Birmingham"]
[Date "1999.11.21"]
[Round "4.6"]
[White "Collier, David"]
[Black "Hansen, Hans-Peter"]
[Result "1/2-1/2"]
[WhiteElo "2215"]
[BlackElo "2056"]
[PlyCount "44"]
[EventDate "1999.11.21"]
[Source "Britbase"]
[SourceDate "2000.01.01"]

1. d4 Nf6 2. Bg5 e6 3. Nf3 h6 4. Bh4 b6 5. e3 Bb7 6. Bd3 Be7 7. Nbd2 c5 8. c4
d6 9. a3 Nbd7 10. O-O O-O 11. b4 Rc8 12. Rb1 Rc7 13. bxc5 bxc5 14. Rb2 Nb6 15.
a4 Bxf3 16. Qxf3 Nxa4 17. Ra2 Nb6 18. Rfa1 Nc8 19. Bg3 Qd7 20. Nb3 Rb7 21. Na5
Rb6 22. h3 d5 1/2-1/2

[Event "4NCL/Div2/PP- BR2"]
[Site "Rd4-Birmingham"]
[Date "1999.11.21"]
[Round "4.7"]
[White "James, Stephen"]
[Black "Grossett, Duncan"]
[Result "1/2-1/2"]
[WhiteElo "1808"]
[BlackElo "2080"]
[PlyCount "73"]
[EventDate "1999.11.21"]
[Source "Britbase"]
[SourceDate "2000.01.01"]

1. e4 g6 2. d4 Bg7 3. Nc3 d6 4. Be3 c6 5. Qd2 Nd7 6. Nf3 Qa5 7. Bd3 b5 8. O-O
Ngf6 9. h3 O-O 10. a4 b4 11. Ne2 e5 12. c3 Rb8 13. Ng3 bxc3 14. bxc3 Nb6 15.
Rfc1 Be6 16. Bh6 exd4 17. Bxg7 Kxg7 18. Nxd4 Qc5 19. Ndf5+ Bxf5 20. Nxf5+ gxf5
21. Qg5+ Kh8 22. Qxf6+ Kg8 23. Qg5+ Kh8 24. Qf6+ Kg8 25. exf5 Qe5 26. Qxe5 dxe5
27. Be4 Nd5 28. c4 Nb4 29. Rd1 Rfd8 30. Rab1 a5 31. c5 Rd4 32. Bf3 Rbd8 33. f6
h6 34. Re1 Nd3 35. Re3 Nb4 36. Rxe5 Rf4 37. Rbe1 1/2-1/2

[Event "4NCL/Div2/PP- BR2"]
[Site "Rd4-Birmingham"]
[Date "1999.11.21"]
[Round "4.8"]
[White "Tidman, Sophie"]
[Black "Turvey, Syringa"]
[Result "0-1"]
[WhiteElo "2072"]
[BlackElo "1680"]
[PlyCount "124"]
[EventDate "1999.11.21"]
[Source "Britbase"]
[SourceDate "2000.01.01"]

1. e4 c5 2. Nf3 d6 3. d4 cxd4 4. Nxd4 Nf6 5. Nc3 a6 6. f4 Qc7 7. Nf3 Nc6 8. Bd3
e6 9. O-O b5 10. Qe1 b4 11. Ne2 g6 12. f5 Bg7 13. Qh4 h6 14. fxg6 fxg6 15. e5
g5 16. Bg6+ Kd7 17. Qg3 dxe5 18. Rd1+ Nd5 19. c4 bxc3 20. Nxc3 Nd4 21. Nxd5
exd5 22. Nxd4 exd4 23. Qf3 Qe5 24. Bd2 Rf8 25. Qh3+ Qe6 26. Qd3 Be5 27. Bb4 Rf6
28. Bh5 a5 29. Qh7+ Kd8 30. Bg4 Qf7 31. Qh8+ Qe8 32. Bxa5+ Rxa5 33. Qxe8+ Kxe8
34. Bxc8 Kd8 35. Bg4 Rb5 36. Rac1 Bf4 37. Rc8+ Ke7 38. b3 Be3+ 39. Kh1 Rb7 40.
Bf3 Ra7 41. a4 Kd6 42. Rd8+ Kc5 43. Bxd5 Rc7 44. Bc4 Kb4 45. h3 h5 46. Rh8 h4
47. Re8 Rcc6 48. Re5 Rcd6 49. a5 Bf4 50. Rb5+ Kc3 51. Rc5 Kb4 52. Rb5+ Kc3 53.
Bd3 Rc6 54. Rb7 Bd2 55. Be4 Rce6 56. Bf3 Re1+ 57. Rxe1 Bxe1 58. b4 d3 59. b5 d2
60. Rd7 Rxf3 61. gxf3 Bf2 62. Kg2 Bd4 0-1

[Event "4NCL/Div2/SWD-GD"]
[Site "Rd4-Birmingham"]
[Date "1999.11.21"]
[Round "4.1"]
[White "Cobb, James"]
[Black "Varley, Peter"]
[Result "1/2-1/2"]
[WhiteElo "2349"]
[BlackElo "2240"]
[PlyCount "109"]
[EventDate "1999.11.21"]
[Source "Britbase"]
[SourceDate "2000.01.01"]

1. Nf3 Nf6 2. c4 g6 3. Nc3 d5 4. cxd5 Nxd5 5. Qa4+ Bd7 6. Qh4 Nxc3 7. dxc3 Bg7
8. e4 e5 9. Bg5 f6 10. Bh6 Bxh6 11. Qxh6 Qe7 12. Bc4 Nc6 13. O-O O-O-O 14. Qe3
Kb8 15. Bd5 Qg7 16. Rfd1 Ne7 17. Bc4 Nc8 18. a4 Qe7 19. a5 Be6 20. Be2 Rxd1+ {
(Draw offer)} 21. Rxd1 Rd8 22. Rxd8 Qxd8 23. h3 Nd6 24. Nd2 Qd7 25. Kh2 g5 26.
Qf3 Qg7 27. Nf1 a6 28. Ng3 Bf7 29. Qe3 Bg6 30. c4 Qd7 31. b3 Qc6 32. Bd3 h5 33.
Nf5 Bxf5 34. exf5 e4 35. Bc2 Nxf5 36. Qxe4 Qxe4 37. Bxe4 Nd4 38. b4 f5 39. Bd3
f4 40. h4 gxh4 41. Be4 b6 42. axb6 cxb6 43. Kh3 a5 44. bxa5 bxa5 45. Kxh4 a4
46. c5 a3 47. Bd5 Nf5+ 48. Kxh5 Ne3 49. Ba2 Nxg2 50. Kg4 Kc7 51. Kf3 Ne1+ 52.
Kxf4 Nd3+ 53. Ke3 Nxf2 54. Kxf2 Kc6 55. Ke3 1/2-1/2

[Event "4NCL/Div2/SWD-GD"]
[Site "Rd4-Birmingham"]
[Date "1999.11.21"]
[Round "4.2"]
[White "Jones, Iolo"]
[Black "Cooper, John G"]
[Result "1/2-1/2"]
[WhiteElo "2269"]
[BlackElo "2344"]
[PlyCount "151"]
[EventDate "1999.11.21"]
[Source "Britbase"]
[SourceDate "2000.01.01"]

1. d4 Nf6 2. Nf3 e6 3. Bg5 c5 4. c3 cxd4 5. Nxd4 Be7 6. Nd2 O-O 7. e3 d5 8. Qc2
Nc6 9. Be2 e5 10. Nf5 Bxf5 11. Qxf5 Nd7 12. Bxe7 Nxe7 13. Qc2 Rc8 14. Rd1 Qb6
15. O-O Qe6 16. e4 d4 17. Qb3 Nc5 18. Qxe6 Nxe6 19. Bg4 dxc3 20. bxc3 Rxc3 21.
Bxe6 fxe6 22. Nf3 Nc6 23. Rb1 b6 24. Rfc1 Rxc1+ 25. Rxc1 Rd8 26. Kf1 Rd6 27.
Ke2 Kf8 28. Ke3 Ke7 29. Rc3 Kf6 30. g4 g5 31. h4 gxh4 32. g5+ Ke7 33. Rc1 h3
34. Rh1 Rd7 35. Rxh3 Kd6 36. Rh1 Rg7 37. Rc1 b5 38. Rd1+ Kc5 39. Rc1+ Kd6 40.
Rd1+ Kc5 41. Rc1+ Kb6 42. Rd1 Re7 43. Rd6 Kc5 44. Rd2 b4 45. Rc2+ Kb5 46. Rc1
a5 47. Ne1 Rg7 48. Nf3 a4 49. Rb1 Rd7 50. Ne1 b3 51. axb3 a3 52. Nc2 a2 53. Rh1
Nd4 54. Kd3 Nxc2+ 55. Kxc2 Kb4 56. Kb2 Rd2+ 57. Ka1 Rxf2 58. Rxh7 Kxb3 59. Rh3+
Kc4 60. Rg3 Kd4 61. g6 Rf8 62. g7 Rg8 63. Rg4 Ke3 64. Kxa2 Kf3 65. Rg1 Kxe4 66.
Kb2 Kf5 67. Kc3 Kf6 68. Rf1+ Kxg7 69. Kd3 Rh8 70. Ke4 Rh5 71. Rf2 Kg6 72. Rf8
Rf5 73. Ra8 Kf7 74. Rb8 Ke7 75. Ra8 Rh5 76. Rb8 1/2-1/2

[Event "4NCL/Div2/SWD-GD"]
[Site "Rd4-Birmingham"]
[Date "1999.11.21"]
[Round "4.3"]
[White "James, David J"]
[Black "Gilbert, Jonathan"]
[Result "1/2-1/2"]
[WhiteElo "2252"]
[BlackElo "2085"]
[PlyCount "65"]
[EventDate "1999.11.21"]
[Source "Britbase"]
[SourceDate "2000.01.01"]

1. d4 d5 2. c4 c6 3. Nf3 Nf6 4. Nc3 a6 5. a4 e6 6. Bg5 Be7 7. e3 Nbd7 8. Bd3
O-O 9. O-O Re8 10. e4 dxe4 11. Nxe4 Nxe4 12. Bxe7 Qxe7 13. Bxe4 Nf6 14. Re1 Rd8
15. Qc2 Bd7 16. c5 Be8 17. Ra3 Nxe4 18. Qxe4 Rd5 19. Ne5 Rad8 20. Nf3 b6 21.
cxb6 Qb4 22. Qc2 Qxb6 23. Rc3 Qb4 24. h4 h6 25. Rc4 Qb6 26. b4 Rb8 27. a5 Qd8
28. Qc3 Qe7 29. g3 Rdb5 30. Ne5 Rxb4 31. Nxc6 Bxc6 32. Rxc6 Qd8 33. Rxa6
1/2-1/2